Sports Quiz

Random Sports or Rugby Quiz
Score 0/21 Timer 08:00
0 Plays Today
Hint Answer % Correct
What is the name of Scotland's home stadium?Murrayfield
92.3%
Which club does Jonathan Sexton play for?Leinster
92.3%
Who won the Six Nations in 2015?Ireland
92.3%
How many teams compete in Gallagher Premiership League?12
92.3%
But which country is Bryan Habana from?South Africa
88.5%
And which country did Jonah Lomu play for?New Zealand
84.6%
Name Irelands Best hooker.Rory
80.8%
Name the rugby referee in the icon of this quiz (forename surname).Nigel Owens
76.9%
Who played against Japan in the opening of the Rugby World Cup 2019.Russia
76.9%
What is the name of Scotland's head coach?Gregor Townsend
69.2%
Which club does Manu Tuilagi play for?Leicester Tigers
65.4%
Hint Answer % Correct
Which club does Ted Hill play for?Worcester Warriors
46.2%
Dan Biggar is a Welsh fly half? Who is the other Welsh fly half?Rhys Patchell
42.3%
What item was first used in 1905 and is used to this day on the Rugby World Cup opening game?Whistle
26.9%
Rudie Van Vuuren was the star in 2003 when he appeared in World Cups hosted by two unions; one of them being Rugby World Cup. What is the other one?Cricket
26.9%
In which county in England is Rugby located?Warwickshire
26.9%
What club does Rhys Webb play for?Bath Rugby
11.5%
How many Six Nations titles have Wales won?5
7.7%
Which is the only international team to have received two red cards in one match?Canada
7.7%
Jonah Lomu and Bryan Habana are shared record holders of most tries in one competition? How many tries is that?8
3.8%
3.8%
Remove Ads.
Support Sporcle.
Get the best of Sporcle when you Go Orange. This ad-free experience offers more features, more stats, and more fun while also helping to support Sporcle. Thank you for becoming a member.

You're not logged in!

Compare scores with friends on all Sporcle quizzes.
OR
Log In

Sporcle TV

Today on Sporcle TV


Watch our educational content, quiz creation guides, and fun videos on Sporcle TV.

Show Comments

Extras

Created May 12, 2020ReportNominate
Tags:Rugby Quiz

Top Quizzes Today


Score Distribution

Paid Content

Your Account Isn't Verified!

In order to create a playlist on Sporcle, you need to verify the email address you used during registration. Go to your Sporcle Settings to finish the process.

Report this User

Report this user for behavior that violates our Community Guidelines.

Details: